Lecturas devocionales para adultos : herederos de promesas
Gespeichert in:
| 1. Verfasser: | |
|---|---|
| Weitere Verfasser: | |
| Format: | Buch |
| Sprache: | Spanisch |
| Veröffentlicht: |
Buenos Aires.
A.C.E.S.
2005.
|
| Schlagworte: | |
| Tags: |
Tag hinzufügen
Keine Tags, Fügen Sie den ersten Tag hinzu!
|
MARC
| LEADER | 00000nam a22000005a 4500 | ||
|---|---|---|---|
| 001 | 20255 | ||
| 003 | CL-ChBUA | ||
| 005 | 20120815103744.0 | ||
| 008 | 070301s2005 ag 000 0 spa | ||
| 020 | |a 9875671223 | ||
| 040 | |a CL-ChBUA |c CL-ChBUA | ||
| 082 | 0 | 0 | |a 242 |
| 090 | |c 20255 |d 20255 | ||
| 100 | 1 | |a Valdivia, Miguel | |
| 245 | 1 | 0 | |a Lecturas devocionales para adultos : |b herederos de promesas |
| 260 | |b A.C.E.S. |a Buenos Aires. |c 2005. | ||
| 300 | |a 382 p. |c 20 cm. | ||
| 650 | 4 | |a MEDITACIONES MATINALES. | |
| 650 | 4 | |a IGLESIA ADVENTISTA DEL SEPTIMO DIA - PUBLICACIONES. | |
| 700 | 1 | |a Olga. | |
| 942 | |c LIB | ||
| 952 | |0 0 |1 0 |4 0 |7 0 |9 27649 |a UNACH |b UNACH |c 200 |d 2007-03-05 |i 39.195. |l 0 |o 242 / V 146. |p 28648 |r 2015-05-07 00:00:00 |u 27649 |w 2012-08-08 |y LIB |k 242 / V 146. | ||
| 999 | |c 20255 |d 20255 | ||